Premiere partie, documents (Record no. 46613)

MARC details
000 -LEADER
campo de control de longitud fija 00944nam a2200193 i 4500
001 - NÚMERO DE CONTROL
campo de control 46613
003 - IDENTIFICADOR DE NÚMERO DE CONTROL
campo de control ES-MaACL
005 - FECHA Y HORA DE LA ÚLTIMA TRANSACCIÓN
campo de control 20230906161422.0
007 - CAMPO FIJO DE DESCRIPCIÓN FÍSICA--INFORMACIÓN GENERAL
campo de control de longitud fija t|
008 - DATOS DE LONGITUD FIJA--INFORMACIÓN GENERAL
campo de control de longitud fija 030331s1894 fr |||| | fre d
111 2# - ENTRADA PRINCIPAL--NOMBRE DE CONGRESO/REUNIÓN
Nombre de congreso/reunión o jurisdicción como elemento de entrada Congrés International pour l'Etude des Questions Relatives au Patronage des Condamnés des Enfants Moralement Abandonnés des Vagabounds et des Alienés (
Fecha del congreso o de la firma del tratado 1894.
Sede del congreso/Lugar de la reunión Anvers)
9 (RLIN) 266
245 10 - MENCIÓN DEL TÍTULO
Título Premiere partie, documents
Resto del título : 2ª parte, discussions /
Mención de responsabilidad, etc. Congrés Internacional pour l'Etude des Questions Relatives au Patronage des Condamnés des Enfants Moralement Abandonnés des Vaganbonds et des Alienes.
260 ## - PUBLICACIÓN, DISTRIBUCIÓN, ETC.
Lugar de publicación, distribución, etc. Anvers :
Nombre del editor, distribuidor, etc. [s.n.,
Fecha de publicación, distribución, etc. 1894] (
Fabricante Imp. Vª J. Brouvers et fils)
300 ## - DESCRIPCIÓN FÍSICA
Extensión 2 v. ;
Dimensiones 23 cm.
650 #4 - PUNTO DE ACCESO ADICIONAL DE MATERIA--TÉRMINO DE MATERIA
Término de materia o nombre geográfico como elemento de entrada Protección de menores-
Subdivisión de forma Congresos y asambleas.
9 (RLIN) 147257
650 #4 - PUNTO DE ACCESO ADICIONAL DE MATERIA--TÉRMINO DE MATERIA
Término de materia o nombre geográfico como elemento de entrada Protección de menores-
Subdivisión geográfica Bélgica.
9 (RLIN) 165575
852 ## - LOCALIZACIÓN
Ubicación ES-MaACL
Número de control de estantería D-148-49
Nota libre . - Donativo Lastres
852 ## - LOCALIZACIÓN
Ubicación ES-MaACL
Número de control de estantería D-151-52
Holdings
Estatus retirado Estado de pérdida Estado de daño No para préstamo Colección Biblioteca de origen Biblioteca actual Ubicación en estantería Fecha de adquisición Fuente de adquisición Total de préstamos Signatura topográfica completa Código de barras Visto por última vez Precio de reemplazo Tipo de ítem Koha
        Libros del s. XIX Biblioteca del Ateneo de Madrid Biblioteca del Ateneo de Madrid Sala Valle Inclán 17/01/2008     D-151-52 901049024 23/02/2023 23/02/2023 Libro impreso antiguo
        Libros del s. XIX Biblioteca del Ateneo de Madrid Biblioteca del Ateneo de Madrid Sala Valle Inclán 17/01/2008     D-148-49 901049023 23/02/2023 23/02/2023 Libro impreso antiguo